000 00347nam a2200145Ia 4500
008 230917s9999||||xx |||||||||||||| ||und||
040 _e33740
_aMAIN
041 _aEnglish
082 _a152 K124B
100 _aKalat, James W
245 0 _aBiological Psychology
260 _aAustralia
_bWadsworth
_c2001
300 _axxiii, 551 p.
942 _cBK
999 _c92799
_d92799